| 000 | 00375nam a2200145Ia 4500 | ||
|---|---|---|---|
| 008 | 210210b1975 xxu||||| |||| 00| 0 eng d | ||
| 082 | _a511.2 SOMM | ||
| 100 | _aSOMINSKY (I S). | ||
| 245 | _aMethod of mathematical induction. | ||
| 260 |
_aMoscow _bMir Publishers _c1975 |
||
| 300 | _a61 | ||
| 650 | _aMathematics maths induction | ||
| 690 | _aMathematics | ||
| 906 | _a032983 | ||
| 999 |
_c84064 _d84064 |
||